=LDR 00000nam 2200000 4500 =001 000561 =005 20250711124203 =035 ##$$a 0010-0725000429 =007 ta =008 250711################a##########0#ind## =020 ##$$a 978-623-307-285-4 =082 ##$$a 398.209 598 =084 ##$$a 398.209 598 CHE s =100 #$$a Cherene pienaar =245 1#$$a Sindiwe : $b Dan kunang kunang /$c Cherene pienaar =250 ##$$a Cetakan pertama =260 ##$$a Rawamangun :$b Badan pengembangan dan pembinaan bahasa,$c 2022 =300 ##$$a 20 hlm. : $b Ilus. ; $c 29cm =650 #4$$a Cerita anak indonesia-terjemahan =990 ##$$a TBM03220322